[Event "Kölner SK Dr. Lasker 1 - SK Königssprin"]
[Site "NRW-Klasse, Gruppe 1 2015/201"]
[Date "2016.03.06"]
[Round "7.8"]
[White "Lommen, Frank"]
[Black "Meinecke, Gerd"]
[Result "1/2-1/2"]
[WhiteElo "2061"]
[BlackElo "1954"]
[Annotator "Hausrath,Daniel"]
[PlyCount "82"]
[EventDate "2016.??.??"]
[WhiteTeam "Kölner SK Dr. Lasker 1"]
[BlackTeam "SK Königsspringer Iserlohn 1"]

1. g3 Nf6 2. Bg2 g6 3. e4 d6 4. d4 Bg7 5. Nc3 Nbd7 6. Nge2 O-O 7. O-O e5 8. h3
exd4 9. Nxd4 Nc5 10. Re1 Re8 11. a4 Rb8 12. Bg5 h6 13. Bf4 Ne6 14. Nxe6 Bxe6
15. Qd2 Kh7 16. Be3 Qc8 17. Kh2 a6 18. Ba7 Ra8 19. Bd4 Nd7 20. Bxg7 Kxg7 21.
Qd4+ f6 22. f4 Bf7 23. Re2 Rb8 24. a5 Qd8 25. Rd1 Qe7 26. Bf3 Nc5 27. b4 Nd7
$11 28. Bg4 Nf8 29. h4 b6 30. Qd3 b5 31. Qd4 Bc4 32. Ree1 Red8 33. Nd5 Bxd5 34.
exd5 Qf7 35. Be6 Nxe6 36. dxe6 Qe7 37. h5 c5 38. Qd3 gxh5 39. f5 cxb4 40. Re4
Rbc8 41. Qe2 Kh7 1/2-1/2

[Event "Herforder SV Königsspringer 1 - SG Boch"]
[Site "NRW-Klasse, Gruppe 2 2015/201"]
[Date "2016.03.06"]
[Round "7.6"]
[White "Bentel, Robin"]
[Black "Werthebach, Felix"]
[Result "1-0"]
[WhiteElo "2035"]
[BlackElo "2140"]
[PlyCount "71"]
[EventDate "2016.??.??"]
[WhiteTeam "Herforder SV Königsspringer 1"]
[BlackTeam "SG Bochum 2"]

1. e4 c5 2. Nf3 e6 3. d3 Nc6 4. g3 d6 5. Bg2 g6 6. O-O Bg7 7. Nbd2 Nge7 8. h4
h6 9. Nc4 O-O 10. Ne3 b5 11. c3 b4 12. d4 Ba6 13. Re1 bxc3 14. bxc3 Qa5 15. Bd2
Rab8 16. d5 Nd8 17. Qc2 c4 18. e5 dxe5 19. dxe6 Nxe6 20. Ng4 f6 21. Nxh6+ Kh7
22. Ng4 Nc5 23. h5 Nd3 24. hxg6+ Nxg6 25. Reb1 Bb5 26. a4 Bd7 27. Ne3 Qc5 28.
Qa2 Be6 29. Rb5 Rxb5 30. axb5 Rf7 31. Qa6 Re7 32. Ne1 Nxe1 33. Rxe1 f5 34. Bc1
Qb6 35. Ba3 Rb7 36. Bxb7 1-0

[Event "Herforder SV Königsspringer 1 - SG Boch"]
[Site "NRW-Klasse, Gruppe 2 2015/201"]
[Date "2016.03.06"]
[Round "7.7"]
[White "Tkachuk, Sergij"]
[Black "Loemker, Michael"]
[Result "1-0"]
[WhiteElo "2107"]
[BlackElo "2052"]
[Annotator "Hausrath,Daniel"]
[PlyCount "79"]
[EventDate "2016.??.??"]
[WhiteTeam "SG Bochum 2"]
[BlackTeam "Herforder SV Königsspringer 1"]

1. e4 g6 2. d4 Bg7 3. f4 d6 4. Nf3 Nf6 5. Bd3 O-O 6. O-O c5 7. dxc5 dxc5 8. Qe2
Nc6 9. c3 Qc7 10. Na3 a6 11. e5 Nd5 12. Be4 e6 13. Nc4 Bd7 14. g3 Nce7 $11 15.
Nd6 Rab8 16. c4 Nb6 17. Be3 Nbc8 18. Rfd1 Nf5 19. Nxc8 Rbxc8 20. Bf2 Rfd8 21.
g4 Nh6 22. Bh4 Re8 23. h3 Bf8 24. Bg5 Kh8 25. Rd2 Ng8 26. Rad1 Bc6 27. b3 b5
28. Bxc6 Qxc6 29. Rd7 Be7 30. Bxe7 Rxe7 31. R7d6 Qb7 32. Ng5 Kg7 33. Ne4 Rec7
34. Nf6 bxc4 35. bxc4 Re7 36. Rd8 Nh6 37. Kh2 Rxd8 38. Rxd8 Qb1 39. g5 Rb7 40.
Ne8+ 1-0

[Event "Herforder SV Königsspringer 1 - SG Boch"]
[Site "NRW-Klasse, Gruppe 2 2015/201"]
[Date "2016.03.06"]
[Round "7.8"]
[White "Klemme, Thomas"]
[Black "Haase, Thomas"]
[Result "0-1"]
[WhiteElo "1904"]
[BlackElo "2127"]
[PlyCount "68"]
[EventDate "2016.??.??"]
[WhiteTeam "Herforder SV Königsspringer 1"]
[BlackTeam "SG Bochum 2"]

1. b3 e5 2. Bb2 Nc6 3. e3 d5 4. Bb5 Bd6 5. f4 Qe7 6. Nf3 Bg4 7. h3 Bxf3 8. Qxf3
Nf6 9. O-O O-O 10. Bxc6 bxc6 11. Nc3 Rae8 12. Ne2 Ne4 13. Rad1 exf4 14. exf4
Bc5+ 15. Kh2 Qh4 16. Nd4 Qf6 17. Qd3 Bd6 18. Ba1 Bxf4+ 19. Kg1 Qg5 20. Bc3 c5
21. Nf3 Qh5 22. Nh2 Bd6 23. Qf3 Qg6 24. Ba1 d4 25. c3 Ng3 26. Rfe1 d3 27. c4
Re2 28. Rxe2 dxe2 29. Re1 Re8 30. Ng4 f5 31. Ne3 f4 32. Nd5 Qf5 33. Nc3 Qe5 34.
Nd5 Qxa1 0-1

[Event "SG Niederkassel 1 - Ratinger SK 1"]
[Site "NRW-Klasse, Gruppe 2 2015/201"]
[Date "2016.03.06"]
[Round "7.1"]
[White "Preuschoff, Michael"]
[Black "Wigger, Jochen"]
[Result "0-1"]
[WhiteElo "2153"]
[BlackElo "2256"]
[Annotator "Hausrath,Daniel"]
[PlyCount "90"]
[EventDate "2016.??.??"]
[WhiteTeam "Ratinger SK 1"]
[BlackTeam "SG Niederkassel 1"]

1. e4 c6 2. Nc3 d5 3. Nf3 Bg4 4. h3 Bxf3 5. gxf3 e6 6. d4 Nf6 7. a3 c5 8. Be3
Nc6 9. Bb5 c4 10. f4 Qb6 11. e5 Nd7 12. f5 O-O-O 13. fxe6 fxe6 14. O-O Ne7 15.
b3 cxb3 16. cxb3 Nf5 17. Rc1 Kb8 18. b4 Be7 19. Qd3 a6 20. Ba4 Rhf8 $11 21. Bb3
Rc8 22. Na4 Qb5 23. Qd2 Nh4 24. Rxc8+ Rxc8 25. f4 Nb6 26. Qd1 Nf5 27. Bf2 Nc4
28. Nc5 Bxc5 29. Ba4 Qb6 30. dxc5 Qc7 31. Qf3 Nd2 32. Qd3 Nxf1 33. Kxf1 d4 34.
Qc4 Qe7 35. Bc2 Ne3+ 36. Bxe3 dxe3 37. Qe4 Rf8 38. Qxe3 Qh4 39. f5 Qc4+ 40. Bd3
Rxf5+ 41. Kg1 Qf4 42. Qxf4 Rxf4 43. Bxh7 Rh4 44. Bg8 Rxh3 45. Bxe6 Re3 0-1

[Event "SG Niederkassel 1 - Ratinger SK 1"]
[Site "NRW-Klasse, Gruppe 2 2015/201"]
[Date "2016.03.06"]
[Round "7.2"]
[White "Bussard, Christian"]
[Black "Welzel, Philipp"]
[Result "0-1"]
[WhiteElo "2156"]
[BlackElo "2141"]
[Annotator "Hausrath,Daniel"]
[PlyCount "100"]
[EventDate "2016.??.??"]
[WhiteTeam "SG Niederkassel 1"]
[BlackTeam "Ratinger SK 1"]

1. e4 e5 2. Nf3 Nc6 3. Bc4 Bc5 4. O-O Nf6 5. d3 d6 6. c3 a6 7. Bb3 Ba7 8. h3 h6
9. Be3 O-O 10. Nbd2 Re8 11. Bxa7 Rxa7 12. Re1 Be6 13. Nf1 d5 14. Ng3 Qd7 15.
exd5 Bxd5 16. Ne4 Bxe4 17. dxe4 Qxd1 18. Raxd1 Na5 19. Nd2 Raa8 20. Bc2 Rad8
$11 21. b4 Nc6 22. Nc4 b5 23. Ne3 Ne7 24. g3 Nc8 25. c4 Nd6 26. Nd5 Nxc4 27.
Nxc7 Rxd1 28. Rxd1 Rc8 29. Nd5 Nxd5 30. Rxd5 Nb6 31. Rd2 Nc4 32. Rd5 Nb6 33.
Rc5 Rxc5 34. bxc5 Na8 35. Bb3 Kf8 36. f4 f6 37. Kf2 Ke7 38. Kf3 Nc7 39. Kg4 Ne6
40. c6 Nd4 41. Bd5 Kd6 42. Kh5 Nxc6 43. Bxc6 Kxc6 44. Kg6 b4 45. Kxg7 a5 46.
Kxf6 a4 47. fxe5 b3 48. axb3 a3 49. Kg6 a2 50. Kxh6 a1=Q 0-1

[Event "SG Niederkassel 1 - Ratinger SK 1"]
[Site "NRW-Klasse, Gruppe 2 2015/201"]
[Date "2016.03.06"]
[Round "7.3"]
[White "Dinescu, Adrian"]
[Black "Schienmann, Bruno"]
[Result "0-1"]
[WhiteElo "2136"]
[BlackElo "2233"]
[PlyCount "80"]
[EventDate "2016.??.??"]
[WhiteTeam "Ratinger SK 1"]
[BlackTeam "SG Niederkassel 1"]

1. e4 e6 2. d4 d5 3. e5 c5 4. c3 Nc6 5. Nf3 Qb6 6. Bd3 Bd7 7. O-O a5 8. a3 f6
9. dxc5 Bxc5 10. c4 fxe5 11. cxd5 exd5 12. Nc3 Nf6 13. Bg5 Be6 14. Qe2 Bd6 15.
Bf4 Bg4 16. Nb5 Bb8 17. h3 Bxf3 18. gxf3 O-O 19. Be3 Qd8 20. Bg5 Qd7 21. Kg2
Nh5 22. f4 Nxf4+ 23. Bxf4 Rxf4 24. Qh5 g6 25. Qh6 Nd8 26. Qg5 Nf7 27. Qg3 e4
28. Be2 Nh6 29. Qb3 Nf5 30. Rfd1 Nh4+ 31. Kf1 Qf7 32. Rxd5 Rxf2+ 33. Ke1 Ng2+
34. Kd1 Bf4 35. Bc4 Ne3+ 36. Ke1 Nxc4 37. Qxc4 Bg3 38. Kd1 Rf1+ 39. Kc2 Rxa1
40. Nd6 Bxd6 0-1

[Event "SG Niederkassel 1 - Ratinger SK 1"]
[Site "NRW-Klasse, Gruppe 2 2015/201"]
[Date "2016.03.06"]
[Round "7.5"]
[White "Liedtke, Dirk"]
[Black "Stanetzek, Carsten"]
[Result "1/2-1/2"]
[WhiteElo "2109"]
[BlackElo "2164"]
[PlyCount "82"]
[EventDate "2016.??.??"]
[WhiteTeam "Ratinger SK 1"]
[BlackTeam "SG Niederkassel 1"]

1. c4 e5 2. g3 Nf6 3. Bg2 Nc6 4. Nc3 Bc5 5. e3 O-O 6. Nge2 d6 7. d4 Bb6 8. h3
h6 9. O-O a5 10. f4 exd4 11. exd4 Re8 12. Kh2 Bf5 13. Bf3 Nb4 14. g4 Bc2 15.
Qd2 Ne4 16. Nxe4 Bxe4 17. a3 Nc6 18. d5 Bxf3 19. Rxf3 Qe7 20. Ng3 Nd4 21. Rd3
Ne2 22. b3 Nxg3 23. Kxg3 h5 24. gxh5 Qe4 25. Rf3 Qf5 26. Bb2 Re4 27. Re1 Rae8
28. Rxe4 Qxe4 29. Bc3 a4 30. bxa4 Qxc4 31. a5 Re2 32. Qd3 Qxd3 33. Rxd3 Bg1 34.
Kf3 Ra2 35. Bb4 Rc2 36. Rc3 Rxc3+ 37. Bxc3 Bc5 38. Bb4 Bg1 39. Ke4 Kh7 40. Kf5
Bd4 41. a4 Kh6 1/2-1/2

[Event "SG Niederkassel 1 - Ratinger SK 1"]
[Site "NRW-Klasse, Gruppe 2 2015/201"]
[Date "2016.03.06"]
[Round "7.6"]
[White "Broehl, Stephan"]
[Black "Graeber, Ralf"]
[Result "1-0"]
[WhiteElo "2084"]
[BlackElo "2112"]
[PlyCount "47"]
[EventDate "2016.??.??"]
[WhiteTeam "SG Niederkassel 1"]
[BlackTeam "Ratinger SK 1"]

1. e4 d5 2. exd5 Nf6 3. Nf3 Bg4 4. d4 Qxd5 5. Be2 Nc6 6. Be3 e6 7. Nbd2 Bd6 8.
h3 Qh5 9. c4 O-O-O 10. Qa4 Bb4 11. O-O-O Bxd2+ 12. Rxd2 Ne4 13. Rdd1 Bxf3 14.
Bxf3 Qf5 15. d5 Ne5 16. Qxa7 Nd6 17. dxe6 fxe6 18. Bxb7+ Kd7 19. c5 Nd3+ 20.
Rxd3 Qxd3 21. cxd6 Ke8 22. Qa4+ c6 23. Qxc6+ Kf7 24. Rd1 1-0

[Event "SG Niederkassel 1 - Ratinger SK 1"]
[Site "NRW-Klasse, Gruppe 2 2015/201"]
[Date "2016.03.06"]
[Round "7.7"]
[White "Gatterer, Matthias"]
[Black "Riedel, Holger"]
[Result "0-1"]
[WhiteElo "2049"]
[BlackElo "2145"]
[PlyCount "76"]
[EventDate "2016.??.??"]
[WhiteTeam "Ratinger SK 1"]
[BlackTeam "SG Niederkassel 1"]

1. d4 e6 2. Nf3 c5 3. c4 d5 4. cxd5 exd5 5. g3 Nc6 6. Bg2 Nf6 7. O-O Be7 8. Nc3
O-O 9. Bg5 c4 10. Ne5 Be6 11. Nxc6 bxc6 12. b3 Qa5 13. Na4 Rac8 14. Bd2 Qb5 15.
bxc4 Qxc4 16. Bg5 Rfe8 17. Nb2 Qb4 18. Qd2 Bf5 19. a3 Qb5 20. Nd3 Ne4 21. Bxe4
dxe4 22. Nb4 Bh3 23. Bxe7 Bxf1 24. Rxf1 Rxe7 25. e3 a5 26. Na2 Rb7 27. Nc3 Qd3
28. Qc1 Rcb8 29. Re1 Qc4 30. Nxe4 Qxc1 31. Rxc1 Rb1 32. Rxb1 Rxb1+ 33. Kg2 Ra1
34. Nd6 Rxa3 35. Nc4 Ra2 36. Ne5 a4 37. Nxc6 a3 38. d5 Rd2 0-1

[Event "SG Niederkassel 1 - Ratinger SK 1"]
[Site "NRW-Klasse, Gruppe 2 2015/201"]
[Date "2016.03.06"]
[Round "7.8"]
[White "Konzen, Horst"]
[Black "Probst, Andreas"]
[Result "0-1"]
[WhiteElo "1954"]
[BlackElo "2067"]
[PlyCount "64"]
[EventDate "2016.??.??"]
[WhiteTeam "SG Niederkassel 1"]
[BlackTeam "Ratinger SK 1"]

1. d4 Nf6 2. c4 g6 3. Nc3 Bg7 4. e4 d6 5. Be2 O-O 6. Nf3 e5 7. O-O Nc6 8. d5
Ne7 9. a4 Ne8 10. a5 f5 11. Ne1 Nf6 12. f3 f4 13. b4 g5 14. Nd3 Ng6 15. c5 h5
16. Nf2 Rf7 17. Ba3 Bf8 18. cxd6 cxd6 19. Rc1 Rg7 20. h3 Nh4 21. Nb5 a6 22. Nc3
g4 23. hxg4 hxg4 24. Nd3 Nxg2 25. Kxg2 gxf3+ 26. Kf2 fxe2 27. Nxe2 Nxe4+ 28.
Ke1 Qh4+ 29. Nf2 Nxf2 30. Rxf2 Rg2 31. Rc3 Qxf2+ 32. Kd2 Bg4 0-1

[Event "SG Ennepe-Ruhr-Süd 1 - SF Neuenkirchen "]
[Site "NRW-Klasse, Gruppe 2 2015/201"]
[Date "2016.03.06"]
[Round "7.1"]
[White "Wilde, Pierre"]
[Black "Lupor, Stefan"]
[Result "1/2-1/2"]
[WhiteElo "2235"]
[BlackElo "2234"]
[PlyCount "108"]
[EventDate "2016.??.??"]
[WhiteTeam "SF Neuenkirchen 1"]
[BlackTeam "SG Ennepe-Ruhr-Süd 1"]

1. d4 d5 2. c4 c6 3. Nc3 Nf6 4. Nf3 dxc4 5. a4 Bf5 6. Ne5 Nbd7 7. Nxc4 Qc7 8.
Qd2 Nb6 9. Ne5 a5 10. f3 Nfd7 11. Qf4 Nxe5 12. Qxf5 Ng6 13. e3 e6 14. Qc2 Bd6
15. f4 Nd5 16. g3 h5 17. Bh3 h4 18. Kf2 Nb4 19. Qe2 Ne7 20. e4 Qd7 21. Be3 Bc7
22. Rad1 Bb6 23. Kg2 Ba7 24. g4 f5 25. gxf5 exf5 26. d5 Bxe3 27. Qxe3 cxd5 28.
exd5 O-O 29. Qe6+ Qxe6 30. dxe6 Nc2 31. Rd2 Nb4 32. Rd7 Rae8 33. Kf3 Nec6 34.
Bf1 Nc2 35. Bc4 Kh7 36. Nb5 Re7 37. Rhd1 Kg6 38. Rxe7 Nxe7 39. Rd7 Kf6 40. Rxb7
Nb4 41. Nd4 Rg8 42. Ra7 Rd8 43. Rd7 Rg8 44. Ke3 g5 45. fxg5+ Rxg5 46. Rd8 Ng6
47. Nf3 Rg4 48. b3 Re4+ 49. Kf2 Nc6 50. Ra8 Rf4 51. Ke3 Re4+ 52. Kf2 Rf4 53.
Ke3 Re4+ 54. Kf2 Rf4 1/2-1/2

[Event "SG Ennepe-Ruhr-Süd 1 - SF Neuenkirchen "]
[Site "NRW-Klasse, Gruppe 2 2015/201"]
[Date "2016.03.06"]
[Round "7.3"]
[White "Rieke, Theo"]
[Black "Tripolsky, Eugen"]
[Result "1/2-1/2"]
[WhiteElo "1970"]
[BlackElo "2207"]
[Annotator "Hausrath,Daniel"]
[PlyCount "62"]
[EventDate "2016.??.??"]
[WhiteTeam "SF Neuenkirchen 1"]
[BlackTeam "SG Ennepe-Ruhr-Süd 1"]

1. c4 e5 2. Nc3 Nf6 3. Nf3 e4 4. Ng5 c6 5. Ngxe4 Nxe4 6. Nxe4 d5 7. Nc3 dxc4 8.
e3 Be6 9. d3 cxd3 10. Bxd3 Nd7 11. O-O Qc7 12. f4 O-O-O 13. Qc2 Nc5 14. Be2 Qb6
15. Kh1 g6 16. e4 f5 17. Be3 Qb4 18. e5 Be7 19. Rac1 Kb8 20. h3 Rd7 21. Rfd1
Rhd8 22. Rxd7 Rxd7 23. Kh2 $11 a6 24. Rd1 Rxd1 25. Bxd1 Nd7 26. a3 Qa5 27. Qd2
Qc7 28. Bf3 Nb6 29. Qd4 c5 30. Qd3 Bc4 31. Qd2 Be6 1/2-1/2

[Event "SG Ennepe-Ruhr-Süd 1 - SF Neuenkirchen "]
[Site "NRW-Klasse, Gruppe 2 2015/201"]
[Date "2016.03.06"]
[Round "7.4"]
[White "Arndt, Stefan"]
[Black "Buendgen, Achim"]
[Result "0-1"]
[WhiteElo "2149"]
[BlackElo "2137"]
[Annotator "Hausrath,Daniel"]
[PlyCount "66"]
[EventDate "2016.??.??"]
[WhiteTeam "SG Ennepe-Ruhr-Süd 1"]
[BlackTeam "SF Neuenkirchen 1"]

1. e4 e5 2. Bc4 Nf6 3. d3 Nc6 4. Nf3 h6 5. c3 d6 6. Nbd2 g6 7. Nf1 Bg7 8. Ng3
a6 9. Bb3 O-O 10. h3 Na5 11. Bc2 c5 12. Nh2 Be6 13. Be3 Rc8 14. Qd2 Kh7 15. f4
exf4 16. Bxf4 $11 d5 17. e5 Nd7 18. Nf3 Qc7 19. O-O-O Nc6 20. d4 cxd4 21. Nxd4
Nxd4 22. cxd4 Nb6 23. Kb1 Nc4 24. Qf2 Qb6 25. Bb3 Nxe5 26. Rhf1 Nc4 27. Ne2
Bf5+ 28. Ka1 Na5 29. Bxd5 Rc2 30. Bc1 Qb5 31. g4 Rxe2 32. Qf3 Be6 33. Be4 Rc8
0-1

[Event "SG Ennepe-Ruhr-Süd 1 - SF Neuenkirchen "]
[Site "NRW-Klasse, Gruppe 2 2015/201"]
[Date "2016.03.06"]
[Round "7.5"]
[White "Seegers, Hendrik"]
[Black "Moors, Hans"]
[Result "1-0"]
[WhiteElo "2130"]
[BlackElo "2041"]
[PlyCount "123"]
[EventDate "2016.??.??"]
[WhiteTeam "SF Neuenkirchen 1"]
[BlackTeam "SG Ennepe-Ruhr-Süd 1"]

1. d4 Nf6 2. Nf3 g6 3. c4 Bg7 4. Nc3 d5 5. e3 O-O 6. cxd5 Nxd5 7. Bc4 Nxc3 8.
bxc3 c5 9. O-O Nc6 10. Ba3 b6 11. Rc1 Na5 12. Be2 Qc7 13. Nd2 Rd8 14. Nb3 Nxb3
15. Qxb3 Be6 16. Bc4 Bxc4 17. Qxc4 Rac8 18. d5 Qd7 19. Rfd1 e6 20. e4 exd5 21.
Rxd5 Qe6 22. Rcd1 Rxd5 23. Rxd5 Re8 24. f3 f5 25. Kf2 fxe4 26. fxe4 Kh8 27. Bc1
Qf6+ 28. Ke2 Rf8 29. Kd1 Qf2 30. Bd2 Qxg2 31. e5 Qf3+ 32. Kc1 Qf5 33. Qe2 Re8
34. c4 h5 35. Bc3 Kh7 36. Kb2 Re7 37. Kb3 Bh6 38. Qe1 Bg7 39. e6 Qf3 40. Rd7
Bf6 41. Rxe7+ Bxe7 42. Qe5 Qf8 43. Qc7 g5 44. Qxa7 Kg6 45. Qd7 Qd8 46. Ka4
Qxd7+ 47. exd7 Kf5 48. Kb5 Ke6 49. Kc6 Bd8 50. Be1 g4 51. Bg3 h4 52. Bf4 Kf7
53. a4 Ke6 54. Bb8 Kf7 55. Kb7 Ke6 56. Kc8 Bf6 57. d8=Q Bxd8 58. Kxd8 Kf5 59.
Kd7 Ke4 60. Kc6 Kd4 61. Kxb6 Kxc4 62. a5 1-0

[Event "SG Ennepe-Ruhr-Süd 1 - SF Neuenkirchen "]
[Site "NRW-Klasse, Gruppe 2 2015/201"]
[Date "2016.03.06"]
[Round "7.6"]
[White "Bruchmann, Norbert"]
[Black "Haves, Reinhard"]
[Result "1/2-1/2"]
[WhiteElo "2026"]
[BlackElo "2113"]
[PlyCount "121"]
[EventDate "2016.??.??"]
[WhiteTeam "SG Ennepe-Ruhr-Süd 1"]
[BlackTeam "SF Neuenkirchen 1"]

1. e4 d6 2. d4 Nf6 3. Nc3 g6 4. Bg5 Bg7 5. e5 Nfd7 6. exd6 cxd6 7. Qd2 Nc6 8.
Nf3 h6 9. Be3 Qa5 10. Bc4 a6 11. Bb3 Qc7 12. Nd5 Qd8 13. a4 e6 14. Nc3 d5 15.
O-O g5 16. Ne2 g4 17. Ne1 Qf6 18. f3 gxf3 19. Nxf3 Qe7 20. Nf4 Nf6 21. Kh1 Ne4
22. Qe2 h5 23. c3 Bd7 24. Bc2 Nf6 25. Nd3 O-O-O 26. Bg5 Qd6 27. Bf4 Qe7 28. Nc5
Be8 29. b4 Nb8 30. Bg5 Qc7 31. Bd3 Nbd7 32. Bh4 Nxc5 33. bxc5 Ng4 34. Rab1 Bc6
35. Bg3 Qa5 36. h3 Qxc3 37. hxg4 hxg4+ 38. Nh2 Qxd4 39. Rf2 Rh5 40. Bxa6 Rdh8
41. Rxf7 Be5 42. Bxe5 Rxe5 43. Bxb7+ Bxb7 44. Rf8+ Rxf8 45. Qb5 Re1+ 46. Rxe1
Qc4 47. Qxc4 dxc4 48. Nxg4 Bd5 49. Ne3 Kc7 50. Rb1 Kc6 51. Rb5 Ra8 52. Nc2 Rxa4
53. Nd4+ Kc7 54. Rb6 Ra5 55. Nb5+ Kc8 56. Kh2 Ra2 57. Kg3 Rxg2+ 58. Kf4 Re2 59.
Nc3 Re1 60. Rd6 Kc7 61. Nb5+ 1/2-1/2

[Event "SG Ennepe-Ruhr-Süd 1 - SF Neuenkirchen "]
[Site "NRW-Klasse, Gruppe 2 2015/201"]
[Date "2016.03.06"]
[Round "7.7"]
[White "Hachmeister, Dirk"]
[Black "Heller, Achim"]
[Result "1/2-1/2"]
[WhiteElo "2154"]
[BlackElo "1955"]
[PlyCount "47"]
[EventDate "2016.??.??"]
[WhiteTeam "SF Neuenkirchen 1"]
[BlackTeam "SG Ennepe-Ruhr-Süd 1"]

1. Nf3 d5 2. c4 c6 3. b3 Bf5 4. Bb2 e6 5. d3 Nf6 6. g3 Be7 7. Bg2 O-O 8. O-O a5
9. Nbd2 h6 10. a3 Bh7 11. Qc2 Nbd7 12. Ne5 Nxe5 13. Bxe5 Ng4 14. Bb2 Bf6 15.
Nf3 Qe7 16. h3 Bxb2 17. Qxb2 Nf6 18. Rfc1 c5 19. Qe5 Nd7 20. Qf4 e5 21. Qh4
Qxh4 22. Nxh4 g5 23. Nf3 d4 24. Ne1 1/2-1/2

[Event "SG Ennepe-Ruhr-Süd 1 - SF Neuenkirchen "]
[Site "NRW-Klasse, Gruppe 2 2015/201"]
[Date "2016.03.06"]
[Round "7.8"]
[White "Schaefer, Martin"]
[Black "Scho, Christian"]
[Result "0-1"]
[WhiteElo "1871"]
[BlackElo "2058"]
[PlyCount "108"]
[EventDate "2016.??.??"]
[WhiteTeam "SG Ennepe-Ruhr-Süd 1"]
[BlackTeam "SF Neuenkirchen 1"]

1. d4 d5 2. c4 c6 3. Nf3 Nf6 4. Nc3 a6 5. c5 Bf5 6. Qb3 Ra7 7. a4 Nbd7 8. a5 e5
9. Nxe5 Nxe5 10. Qb6 Qa8 11. dxe5 Nd7 12. Qb4 Nxc5 13. Qf4 Qc8 14. Be3 Bg6 15.
Bxc5 Bxc5 16. Na4 Be7 17. Qd4 Qb8 18. Nb6 Bd8 19. f4 Be4 20. Rg1 Bxb6 21. Qxb6
O-O 22. e3 f6 23. exf6 Rxf6 24. g4 Ra8 25. g5 Rd6 26. Rd1 Qf8 27. Bg2 Re8 28.
Kf2 Bxg2 29. Rxg2 Rde6 30. Rg3 Qf5 31. Rd2 R6e7 32. h4 Qf7 33. Rf3 Qf5 34. Kg3
Qb1 35. Rdf2 Qe1 36. e4 dxe4 37. Re3 Qg1+ 38. Rg2 Qd1 39. f5 Qd6+ 40. Kh3 Qd7
41. h5 Qxf5+ 42. Kh4 Re5 43. h6 Qf4+ 44. Rg4 Qf2+ 45. Kh3 Qf1+ 46. Kh4 Qh1+ 47.
Kg3 Qg1+ 48. Kh3 Qf1+ 49. Kh4 Qf2+ 50. Kh3 Qf7 51. Kh4 c5 52. g6 Qf2+ 53. Rgg3
Qh2+ 54. Kg4 Qh5+ 0-1

[Event "SV Sundern 1 - SK Sodingen / Castrop 1"]
[Site "NRW-Klasse, Gruppe 2 2015/201"]
[Date "2016.03.06"]
[Round "7.2"]
[White "Ionescu, Doru-Alexandru"]
[Black "Kartsev, Soel"]
[Result "1-0"]
[WhiteElo "2325"]
[BlackElo "2224"]
[PlyCount "89"]
[EventDate "2016.??.??"]
[WhiteTeam "SV Sundern 1"]
[BlackTeam "SK Sodingen / Castrop 1"]

1. e4 c5 2. d3 d5 3. Nd2 Nc6 4. Ngf3 g6 5. g3 Bg7 6. Bg2 Nf6 7. O-O O-O 8. Re1
dxe4 9. dxe4 Nd4 10. Nxd4 cxd4 11. Nf3 Ng4 12. h3 Ne5 13. Nxd4 Bxh3 14. Bxh3
Qxd4 15. Qe2 Rfd8 16. Bg2 Rac8 17. c3 Qd3 18. Bg5 f6 19. Be3 b6 20. Qxd3 Rxd3
21. Red1 Rcd8 22. Rxd3 Rxd3 23. Bf1 Rd6 24. Be2 Nd3 25. Bxd3 Rxd3 26. a4 Kf7
27. a5 bxa5 28. Rxa5 Rd1+ 29. Kg2 Rb1 30. b4 f5 31. e5 Ke6 32. Bd4 f4 33. gxf4
Bh6 34. Kf3 Rh1 35. Ke4 Rh4 36. Ra6+ Kf7 37. e6+ Kg8 38. Rxa7 Rxf4+ 39. Kd5
Rf5+ 40. Kc6 Bf4 41. Rxe7 h5 42. c4 h4 43. Rg7+ Kf8 44. Kd7 Be5 45. Rxg6 1-0

[Event "SV Sundern 1 - SK Sodingen / Castrop 1"]
[Site "NRW-Klasse, Gruppe 2 2015/201"]
[Date "2016.03.06"]
[Round "7.3"]
[White "Wickenfeld, Stefan"]
[Black "Stolte, Alexander"]
[Result "1/2-1/2"]
[WhiteElo "2229"]
[BlackElo "2168"]
[PlyCount "143"]
[EventDate "2016.??.??"]
[WhiteTeam "SK Sodingen / Castrop 1"]
[BlackTeam "SV Sundern 1"]

1. d4 d5 2. Nf3 e6 3. g3 Nf6 4. Bg2 b5 5. O-O c5 6. a4 b4 7. c4 bxc3 8. Nxc3
Nc6 9. Bg5 Rb8 10. e4 dxe4 11. Nxe4 Nxd4 12. Nxd4 cxd4 13. Nxf6+ gxf6 14. Bc6+
Ke7 15. Bh4 Qd6 16. Be4 Bh6 17. Qh5 Bg7 18. Rac1 Bb7 19. Bxb7 Rxb7 20. Qg4 Rg8
21. Bxf6+ Bxf6 22. Qxg8 Qd8 23. Qxh7 d3 24. Rfd1 Rd7 25. Qe4 Kf8 26. Qb4+ Kg7
27. b3 Bd4 28. Rc4 Qf6 29. Qd2 e5 30. Re1 Qf5 31. Rc6 f6 32. Rec1 Qf3 33. Rc7
Rxc7 34. Rxc7+ Kg6 35. Rc1 f5 36. Qe1 f4 37. Qf1 d2 38. Rb1 e4 39. gxf4 Kh5 40.
Qb5+ Kg6 41. Qe8+ Kh7 42. Qd7+ Bg7 43. h3 e3 44. Qd3+ Kh8 45. Qxe3 d1=Q+ 46.
Rxd1 Qxd1+ 47. Kg2 Qd5+ 48. f3 Qg8 49. Kh2 Qb8 50. h4 Qd8 51. Kg3 Qg8 52. Kh3
Qc8+ 53. Kg2 Qd7 54. Qc5 Bh6 55. Qe5+ Kh7 56. h5 Qf7 57. Kg3 Qg8+ 58. Kh4 Qf7
59. f5 Qxb3 60. Qe7+ Kh8 61. Qxa7 Qxf3 62. Qd4+ Kh7 63. f6 Qh1+ 64. Kg4 Qg2+
65. Kf5 Qg5+ 66. Ke6 Qxh5 67. Qe4+ Kg8 68. Qg2+ Kf8 69. Qa8+ Qe8+ 70. Qxe8+
Kxe8 71. a5 Be3 72. a6 1/2-1/2

[Event "SV Sundern 1 - SK Sodingen / Castrop 1"]
[Site "NRW-Klasse, Gruppe 2 2015/201"]
[Date "2016.03.06"]
[Round "7.4"]
[White "Plass, Heinz"]
[Black "Tomaszewski, Roman"]
[Result "1-0"]
[WhiteElo "2043"]
[BlackElo "2238"]
[PlyCount "27"]
[EventDate "2016.??.??"]
[WhiteTeam "SV Sundern 1"]
[BlackTeam "SK Sodingen / Castrop 1"]

1. d4 Nf6 2. c4 g6 3. Nc3 d5 4. Bf4 Bg7 5. Rc1 c6 6. e3 Qa5 7. h3 Be6 8. Qb3 b6
9. Nf3 O-O 10. Be2 dxc4 11. Bxc4 Nd5 12. Bxb8 b5 13. Bxd5 Bxd5 14. Bc7 1-0

[Event "SV Sundern 1 - SK Sodingen / Castrop 1"]
[Site "NRW-Klasse, Gruppe 2 2015/201"]
[Date "2016.03.06"]
[Round "7.5"]
[White "Waldschmidt, Georg"]
[Black "Tillmann, Markus"]
[Result "1/2-1/2"]
[WhiteElo "2227"]
[BlackElo "2098"]
[PlyCount "143"]
[EventDate "2016.??.??"]
[WhiteTeam "SK Sodingen / Castrop 1"]
[BlackTeam "SV Sundern 1"]

1. e4 c5 2. c3 Nf6 3. e5 Nd5 4. Nf3 e6 5. d4 Be7 6. Bc4 Nb6 7. Bb3 Nc6 8. O-O
O-O 9. Qe2 d5 10. dxc5 Nd7 11. Bc2 Nxc5 12. b4 Nd7 13. b5 Na5 14. Nd4 Re8 15.
Re1 Qc7 16. Nxe6 Qb6 17. Qd3 g6 18. Nf4 Nc5 19. Qe2 Be6 20. Be3 Nc4 21. Bd4
Qxb5 22. Nd2 Na3 23. Qxb5 Nxb5 24. Nb3 Na3 25. Bd1 b6 26. f3 Rac8 27. Nxc5 bxc5
28. Be3 Red8 29. Bb3 c4 30. Ba4 Bc5 31. Bxc5 Rxc5 32. Red1 Rb8 33. Rd2 Nb1 34.
Rc2 Ra5 35. Bc6 Rb6 36. Ba8 g5 37. Nh5 Ra3 38. Nf6+ Kg7 39. Bxd5 Nxc3 40. Bxe6
Rxe6 41. Ng4 Nd5 42. Rxc4 h5 43. Nf2 Rxe5 44. Rc5 Rxa2 45. Rd1 Rd2 46. Rcc1
Rxd1+ 47. Rxd1 Nc3 48. Ra1 a5 49. Ne4 Nxe4 50. fxe4 Rb5 51. Kf2 Kf6 52. Ra3 Ke5
53. Ke3 f6 54. h3 h4 55. Kd3 Kf4 56. Kd4 g4 57. hxg4 Kxg4 58. Rf3 Kg5 59. Ra3
Rb4+ 60. Kd5 a4 61. Ra2 Kg4 62. Ra3 Rb5+ 63. Kd4 Ra5 64. Kc4 Ra7 65. Kd5 Ra6
66. Kd4 Rd6+ 67. Ke3 Kg3 68. Rxa4 Re6 69. Ra5 Kxg2 70. Kf4 Kh3 71. Ra3+ Kg2 72.
Ra2+ 1/2-1/2

[Event "SV Sundern 1 - SK Sodingen / Castrop 1"]
[Site "NRW-Klasse, Gruppe 2 2015/201"]
[Date "2016.03.06"]
[Round "7.6"]
[White "Schulte, Josef"]
[Black "Boehnke, Martin"]
[Result "1/2-1/2"]
[WhiteElo "1888"]
[BlackElo "2111"]
[PlyCount "41"]
[EventDate "2016.??.??"]
[WhiteTeam "SV Sundern 1"]
[BlackTeam "SK Sodingen / Castrop 1"]

1. d4 d5 2. c4 c6 3. Nf3 Nf6 4. Nc3 dxc4 5. a4 Bf5 6. Ne5 Nbd7 7. Nxc4 Qc7 8.
g3 e5 9. dxe5 Nxe5 10. Bf4 Nfd7 11. Bg2 f6 12. O-O Be7 13. Ne4 O-O 14. Qc2 Rad8
15. Qc3 Be6 16. Nxe5 Nxe5 17. Ng5 Bf7 18. Nxf7 Rxf7 19. Rfd1 Rff8 20. b4 Qb6
21. Bd2 1/2-1/2